000 00320nam a2200133Ia 4500
005 20260326235506.0
008 260326s9999||||xx |||||||||||||| ||und||
100 _aHennessey, James
245 0 _aNomadic furniture 2 /
_cJames Hennessey
260 _bPhanteon Books
300 _a153 p.
650 _aMUEBLES
942 _cBK
999 _c8198
_d8198